000
00273nam a22001217a 4500
008
170629b xxu||||| |||| 00| 0 eng d
041
_a
eng
080
_a
821
100
_a
22
101
_a
GJL
245
_a
A TREASURY OF AMERICAN LITERATURE
_c
DAVIS, J.L
942
_2
udc
_c
BK
999
_c
19513
_d
19513